000 01466nam a2200241Ia 4500
999 _c52534
_d52534
001 19558
003 GE_BSU
005 20220912122055.0
008 181216s2004||||ge |||||||||||||| ||geo||
040 _cGE_BSU
041 _ageo
080 _a02 ი-61
245 _aინოვაციური პროცესების მართვა ბიბლიოთეკებში :
_bმეთოდოდურ-ინსტრუქციული წერილი ბიბლიოთეკების დასახმარებლად /
_cსაქ. პარლამენტის ილია ჭავჭავაძის სახ. ეროვნ. ბ-კის ბიბლიოთეკათმც. და საბ-კო სტანდარტების ცენტრი ; [შემდგ. ნ. ქავთარაძე ; რედ. გ. თაყნიაშვილი].
264 _aთბილისი,
_c2004.
300 _a23 გვ.;
_b 20 სმ.
504 _aბიბლიოგრ.: გვ. 38.
653 _aბიბლიოთეკარი
653 _aბიბლიოთეკების მუშაობის ორგანიზაცია
653 _aქსეროქსი
700 _aქავთარაძე, ნ.
_eშემდგენელი
_914578
700 _aთაყნიაშვილი, გ.
_eრედაქტორი
_97920
942 _cBK
_2udc